Spider-Man Characters - Statistics

General Stats
  • This quiz has been taken 65 times
  • The average score is 26 of 71
Answer Stats
Characters % Correct
Peter Parker | Spider-Man
94%
Green Goblin
83%
Spider-Gwen | Gwen Stacy
80%
Miles Morales
76%
Doctor Octopus
74%
Venom
74%
Rhino
70%
Electro
67%
Harry Osborn
65%
Lizard
63%
Mary Jane Watson
63%
Sandman
63%
May Parker
61%
Carnage
59%
Vulture
59%
Kingpin
57%
Ben Parker
56%
Hobgoblin
56%
Mysterio
54%
Scorpion
54%
Kraven the Hunter
52%
Prowler
52%
Shocker
52%
Chameleon
50%
Flash Thompson | Agent Venom
48%
Black Cat
46%
J. Jonah Jameson
46%
Tombstone
44%
Miguel O'Hara | Spider-Man 2099
43%
Jessica Drew | Spider-Woman
39%
Spider-Ham
39%
Ben Reilly | Scarlet Spider
37%
Morbius
37%
Hammerhead
35%
Ned Leeds
35%
Mister Negative
33%
Spider-Man Noir
31%
Hydro-Man
30%
The Spot
30%
Betty Brant
26%
Hobie Brown | Spider-Punk
26%
Anti-Venom
22%
Madame Web
22%
Jackal
20%
Tinkerer
20%
Molten Man
19%
Riot
19%
Scream
19%
Silk
19%
Silver Sable
19%
Superior Spider-Man
19%
Toxin
19%
Beetle
17%
Jefferson Davis
15%
Knull
15%
Liz Allan
15%
Mary Parker
13%
Screwball
13%
Agony
11%
Big Wheel
11%
Black Tarantula
11%
Richard Parker
11%
Silvermane
11%
Boomerang
9%
Shriek
9%
Wraith
9%
Speed Demon
7%
Pavitr Prabhakar
6%
Swarm
6%
Billy Braddock | Spider-UK
4%
Takuya Yamashiro | Supaidaman
4%
No matching quizzes found
Score Distribution
Percent of People with Each Score
Percentile by Number Answered
Your Score History
You have not taken this quiz